000 00367nam a2200133Ia 4500
008 240624s9999 xx 000 0 und d
041 _aeng
082 _a650.144 STE
100 _aSTEIN MARKY
245 _aFEARLESS INTERVIEWING HOW TO WIN THE JOB BY COMMUNICATING
260 _c2004
_aNew Delhi
_bTata McGrawhill
300 _avii, : 181 : p. : cm. ; 23
365 _cRS
999 _c3219
_d3219